000 00260nam a22001217a 4500
008 170419b xxu||||| |||| 00| 0 eng d
041 _aeng
080 _22ND
_a573
100 _a11
101 _aSHM
245 _aMOLECULAR CLONING
_cSAMBROCK
942 _2udc
_cBK
999 _c11311
_d11311